Crónicas de los reinos de Chile
Salvato in:
| Autori principali: | , |
|---|---|
| Natura: | Libro |
| Lingua: | spagnolo |
| Pubblicazione: |
Madrid
Historia 16
1988
|
| Serie: | Colección crónicas de América, 41
|
| Soggetti: | |
| Tags: |
Aggiungi Tag
Nessun Tag, puoi essere il primo ad aggiungerne!!
|
MARC
| LEADER | 00000nam a2200000 a 4500 | ||
|---|---|---|---|
| 001 | UCX0785 | ||
| 003 | CL-VaPUC | ||
| 008 | 900316e19880000SP |||||||||||||||||spa|d | ||
| 082 | 0 | 4 | |a 983.02 |b VIV |2 21 |
| 100 | 0 | |a Vivar, Gerónimo de |e author |9 316177 | |
| 700 | 0 | |a Barral Gómez, Angel |e author |9 316178 | |
| 245 | 1 | 0 | |a Crónicas de los reinos de Chile |
| 300 | |a 366 p | ||
| 942 | |c BK | ||
| 945 | |d 19900316 00:00:00 | ||
| 260 | |a Madrid |b Historia 16 |c 1988 | ||
| 650 | 0 | |a Historia |9 255047 | |
| 650 | 7 | |a DESCUBRIMIENTO Y CONQUISTA 1536-1561 |2 CL-VaPUC |9 269143 | |
| 651 | 7 | |a CHILE |2 CL-VaPUC |9 316179 | |
| 583 | |a last modification |c 19900316 00:00:00 |k Rodrigo Vera | ||
| 490 | 0 | |a Colección crónicas de América, 41 | |
| 999 | |c 222247 |d 222245 | ||
| 952 | |0 0 |1 0 |4 0 |6 983_020000000000000_VIV_1988 |7 0 |8 A |9 216699 |a BIBEDU |b BIBEDU |d 2019-11-15 |i 2854503 |l 2 |o 983.02 VIV 1988 |p 2854503 |r 2025-03-24 |s 2025-03-13 |w 2019-11-15 |y BK |k LIT | ||